00583nam a2200145Ia 4500008004100000100002200041245013000063245002200193260003900215260001400254650001800268856005900286999001900345952007300364160809s9999 xx 000 0 und d aDuncan, Denise D. aCommunicating with Informal Sector Clients: A study of Strategies Employed by Ghana Commercial Bank and Unibank Ghana Limited cDenise D. Duncan. bStudies in Media and Communication cJune 2016 xCOMMUNICATION uhttp://redfame.com/journal/index.php/smc/issue/view/62 c299986d299986 001040aCLbCLd2016-08-09l0r2016-08-09 00:00:00w2016-08-09yFOJ